000 01137nam a2200313 i 4500
003 EG-GICUC
005 20260418100211.0
008 260418s1924 fr fr|||| 00| 0 fre d
040 _aEG-GiCUC
_bfre
_cEG-GiCUC
_dEG-GiCUC
_eRda
041 _afre
082 0 4 _221
_a343.1
_bGA . A
092 0 4 _221
099 _aLaw1 10 343.1 GA . A 1924
100 1 _aGarraud, Pierre.
_eAuteur
245 1 4 _aLes Avant-projets Polonais De 1922 Sur La Partie Générale D'un Code Pénal :
_bLeur Place Dans Le Mouvement De Réforme Et De Codification Du Droit Pénal /
_cPar Pierre Garraud ; Publiés Sous La Direction De E. Lambert.
_nTome 7
264 1 _aParis :
_bMarcel Giard,
_c1924.
300 _a122page ;
_c 24 cm.
336 _2rda contenu
_a texte
337 _2rda medias
_aOrdinateur
338 _2 transporteur rda
_a Ressource en ligne
546 _aTexte en français
650 1 _aDroit pénal
_2qrmak
650 1 _aDroit Pénal Général
651 1 _2qrmak
700 1 _a Lambert, Edouard,
_eContributeur
856 4 0 _uhttps://fll.law.cu.edu.eg/fulltext/bks/B10-00935.pdf
905 _a167
942 _2ddc
_cBK
_e21
_n0
999 _c71608
_d71608